Marvel - Statistiques

Statistiques générales
  • Ce quiz a été pris 363 fois
    258 depuis la dernière actualisation
  • Le résultat moyen est 57 sur 116
Statistiques - réponses
Par images Réponse % Correct
captain américa
96%
hulk
94%
ironman
94%
mighty thor
94%
miss hulk
94%
thor
94%
ghost spider
93%
loki
92%
black widow
90%
tony stark
90%
peter parker
88%
steve rodgers
88%
hawkeye
87%
odin
86%
spiderman
85%
bruce banner
84%
oncle ben
79%
falcon
76%
black panther
75%
tante may
75%
venom
75%
captain marvel
74%
miles morales
73%
antman
72%
deadpool
71%
groot
71%
thanos
69%
nick fury
68%
wolverine
68%
doctor strange
67%
gamora
67%
héla
67%
mysterio
67%
rocket
66%
vision
66%
star lord
64%
wanda
64%
le bouffon vert
61%
professeur x
61%
the punisher
61%
valkyrie
61%
la guepe
60%
drax
59%
gwen stacy
59%
miss marvel
59%
docteur octopus
58%
T'challa
58%
magneto
57%
nebula
57%
ultron
57%
jane foster
56%
crâne rouge
55%
la chose
55%
shang-chi
53%
carnage
51%
electro
51%
peter quill
50%
tornade
50%
la torche humaine
48%
lézard
46%
shuri
45%
stephen strange
45%
mystique
44%
dardevil
43%
harry osborn
43%
killmonger
41%
la femme invisible
41%
quicksilver
41%
vautour
41%
wong
41%
doctor doom
40%
mary jane watson
40%
norman osborn
40%
kang
39%
le caïd
39%
galactus
38%
scott lang
38%
l'homme sable
37%
natacha romanoff
34%
rhino
33%
yondu
33%
okoye
32%
surfer d'argent
32%
colossus
31%
nova
31%
carol danvers
30%
otto octavius
29%
fauve
28%
j jonah jameson
27%
M.O.D.O.K
27%
jean grey
26%
max
26%
Mr fantastic
23%
taskmaster
23%
kamala khan
21%
spidergirl
21%
squirrel girl
21%
michelle jones watson
20%
scott summers
20%
emma frost
19%
ancien
18%
monica
17%
kraven the hunter
16%
cyclops
14%
henry pym
13%
hope van dyne
13%
caméléon
12%
janet van dyne
12%
riot
12%
flint marko
11%
sergei kravinoff
9%
ava
6%
dmitri kravinoff
6%
nikolaï kravinoff
5%
professeur connors
4%
kid arachnid
1%
Aucun quiz correspondant
Distribution des résultats
% des personnes avec chaque résultat
Percentile par nombre de réponses
Votre historique - résultats
Vous n’avez pas pris ce quiz depuis la dernière actualisation